000 00482nam a2200205Ia 4500
008 240510s9999 xx 000 0 und d
020 _a0000534059589
041 _aEng
082 _a658
082 _bA52
100 _aANDERSON, Michael Q., LIEVANO, R.J.
245 0 _aQuantitative management : an introduction
250 _a2nd ed.
260 _bBoston : kent
260 _c1986
300 _a873 p.
650 _aBusiness management
942 _2ddc
942 _cLBK
999 _c25663
_d25663
945 _a1
_bMadushi Gamage
_c1
_dMadushi Gamage